Managerial economics / (Record no. 126496)

MARC details
000 -LEADER
fixed length control field 00775nam a22002537a 4500
003 - CONTROL NUMBER IDENTIFIER
control field 0
005 - DATE AND TIME OF LATEST TRANSACTION
control field 20180727130217.0
008 - FIXED-LENGTH DATA ELEMENTS--GENERAL INFORMATION
fixed length control field 0
010 ## - LIBRARY OF CONGRESS CONTROL NUMBER
LC control number A-897115
020 ## - INTERNATIONAL STANDARD BOOK NUMBER
Terms of availability 00.00
International Standard Book Number 8172401124
035 ## - SYSTEM CONTROL NUMBER
System control number A-897115, A-897116
037 ## - SOURCE OF ACQUISITION
Source of stock number/acquisition Cen Lib/Ret
040 ## - CATALOGING SOURCE
Original cataloging agency DPL
Language of cataloging EN
Transcribing agency 0
082 ## - DEWEY DECIMAL CLASSIFICATION NUMBER
Classification number 330.068
Item number DEB
100 ## - MAIN ENTRY--PERSONAL NAME
Personal name Debroy, Bibek
9 (RLIN) 107612
245 ## - TITLE STATEMENT
Title Managerial economics /
Statement of responsibility, etc by Bibek Debroy
260 ## - PUBLICATION, DISTRIBUTION, ETC. (IMPRINT)
Name of publisher, distributor, etc Global Business Press
Place of publication, distribution, etc New Delhi
Date of publication, distribution, etc 1997
270 ## - ADDRESS
City Delhi
Address 18-19, dilshad garden
Postal code 110095
300 ## - PHYSICAL DESCRIPTION
Extent 218p.
Dimensions 24cm(Hb)
500 ## - GENERAL NOTE
General note Includes bibliographical references and index
650 ## - SUBJECT ADDED ENTRY--TOPICAL TERM
Topical term or geographic name as entry element Social environment --managerial economics
9 (RLIN) 73672
650 ## - SUBJECT ADDED ENTRY--TOPICAL TERM
Topical term or geographic name as entry element Management -- demand and supply
9 (RLIN) 73673
942 ## - ADDED ENTRY ELEMENTS (KOHA)
Source of classification or shelving scheme Dewey Decimal Classification
Koha item type English Books
Classification part 330.068
Call number suffix DEB
Holdings
Withdrawn status Lost status Damaged status Not for loan Home library Current library Date acquired Source of acquisition Cost, normal purchase price Total Checkouts Full call number Barcode Date last seen Copy number Cost, replacement price Price effective from Koha item type Public note
Written off       Central Library Central Library 25/06/2015 Cen Lib/Ret 0.00   330.068 DEB A-897115 25/06/2015 1 0.00 25/06/2015 English Books Written off on approval by DLB (By Circulation); dtd 15-06-2023

© Delhi Public Library
Hit Counter
free hit counter